Visions of technological transcendence : human enhancement and the rhetoric of the future /

Bibliographic Details
Main Author: Herrick, James A. (Author)
Format: Book
Language:English
Published: Anderson, South Carolina : Parlor Press, [2017]
Edition:[First edition].
Subjects:

MARC

Tag First Indicator Second Indicator Subfields
LEADER 00000cam a2200000 i 4500
001 in00003813616
005 20170926131212.0
008 170612t20172017scua 001 0 eng d
020 |a 9781602358751 (pbk.) 
020 |a 1602358753 (pbk.) 
035 |a (OCoLC)ocn989881685 
040 |a CNU  |c CNU  |d YDX  |d TXA  |d UtOrBLW 
049 |a TXAM 
082 0 |a 601  |2 23 
090 |a RA418.5.M4  |b H47 2017 
100 1 |a Herrick, James A.,  |e author.  |0 http://id.loc.gov/authorities/names/n94094011 
245 1 0 |a Visions of technological transcendence :  |b human enhancement and the rhetoric of the future /  |c James A. Herrick. 
250 |a [First edition]. 
264 1 |a Anderson, South Carolina :  |b Parlor Press,  |c [2017] 
264 4 |c ©2017 
300 |a viii, 231 pages ;  |c 23 cm. 
336 |a text  |b txt  |2 rdacontent 
337 |a unmediated  |b n  |2 rdamedia 
338 |a volume  |b nc  |2 rdacarrier 
504 |a Includes bibliographical references and index. 
650 0 |a Medical innovations.  |0 http://id.loc.gov/authorities/subjects/sh85082946 
650 0 |a Medical technology.  |0 http://id.loc.gov/authorities/subjects/sh85083046 
650 0 |a Human body  |x Forecasting. 
650 0 |a Biotechnology.  |0 http://id.loc.gov/authorities/subjects/sh85014263 
650 0 |a Artificial intelligence.  |0 http://id.loc.gov/authorities/subjects/sh85008180 
650 0 |a Genetic engineering.  |0 http://id.loc.gov/authorities/subjects/sh85053855 
650 0 |a Longevity.  |0 http://id.loc.gov/authorities/subjects/sh85078286 
945 |a PromptCat 
948 |a cataloged  |b h  |c 2017/6/27  |d c  |e dmitchel  |f 8:50:40 am 
994 |a C0  |b TXA 
999 f f |s bdbe4914-305a-324e-884a-24c5ebf680dc  |i 7a18a622-b104-3f00-8628-507b1ab5e1d5  |t 0 
952 f f |p normal  |a Texas A&M University  |b College Station  |c Sterling C. Evans Library  |d Evans: Library Stacks  |t 0  |e RA418.5.M4 H47 2017  |h Library of Congress classification  |i unmediated -- volume  |m A14850170631 
998 f f |a RA418.5.M4 H47 2017  |t 0  |l Evans: Library Stacks